| 000 | 00465nam a22001817a 4500 | ||
|---|---|---|---|
| 005 | 20260522131504.0 | ||
| 008 | 260217b |||||||| |||| 00| 0 eng d | ||
| 020 |
_a9780008778675 _c599.00 |
||
| 040 | _aMAIN | ||
| 041 | _aEnglish | ||
| 082 |
_a409 _bSPI |
||
| 100 |
_aSpinney, Laura _926298 |
||
| 245 |
_aProto _b: How One Ancient Language Went Global |
||
| 260 |
_aBritain _bWilliam Collins _c2025 |
||
| 300 | _a342 | ||
| 650 | _aGeneral Books | ||
| 942 | _cBK | ||
| 999 |
_c60344 _d60344 |
||